[Event "Pan American-ch U20"]
[Site "Cochabamba"]
[Date "2019.08.05"]
[Round "8"]
[White "Castellanos Villela, Alejandro"]
[Black "Barja Viveros, Matias Ariel"]
[Result "1-0"]
[WhiteElo "1985"]
[BlackElo "1544"]
[PlyCount "65"]
[EventDate "2019.08.01"]
[EventType "swiss"]
[EventRounds "9"]
[EventCountry "BOL"]
[SourceTitle "EXT 2021"]
[Source "ChessBase"]
[SourceDate "2020.10.23"]
[SourceVersion "1"]
[SourceVersionDate "2020.10.23"]
[SourceQuality "1"]

1. Nf3 d5 2. g3 c5 3. Bg2 Nf6 4. 0-0 Bf5 5. c4 e6 6. cxd5 exd5 7. d4 Nc6 8. Nc3 Be7 9. Bg5 cxd4 10. Nxd4 Be6 11. Rc1 0-0 12. Nxe6 fxe6 13. Bh3 Kf7 14. Bxf6 Bxf6 15. e4 d4 16. Qh5+ Ke7 17. Nb5 Qb6 18. Na3 Rac8 19. Nc4 Qc7 20. Qc5+ Kf7 21. Nd6+ Kg6 22. Nxc8 Qxc8 23. f4 Be7 24. Qc4 Kf6 25. e5+ Kg6 26. Bxe6 Qe8 27. Qe2 h5 28. f5+ Kh6 29. Rcd1 Bg5 30. Rf3 g6 31. h4 Be3+ 32. Rxe3 dxe3 33. Qxe3+ 1-0

[Event "Pan American-ch U20"]
[Site "Cochabamba"]
[Date "2019.08.02"]
[Round "2"]
[White "Johnson, Joshua"]
[Black "Barja Viveros, Matias Ariel"]
[Result "1-0"]
[WhiteElo "2241"]
[BlackElo "1544"]
[PlyCount "97"]
[EventDate "2019.08.01"]
[EventType "swiss"]
[EventRounds "9"]
[EventCountry "BOL"]
[SourceTitle "EXT 2020"]
[Source "ChessBase"]
[SourceDate "2019.10.17"]
[SourceVersion "1"]
[SourceVersionDate "2019.10.17"]
[SourceQuality "1"]

1. e4 c5 2. Nf3 Nc6 3. d4 cxd4 4. Nxd4 g6 5. Nc3 Bg7 6. Be3 d6 7. f3 Bd7 8. Qd2 h5 9. 0-0-0 Nf6 10. Kb1 Ne5 11. h3 Rc8 12. f4 Nc6 13. Be2 Qa5 14. Nb3 Qc7 15. Nd5 Nxd5 16. exd5 Nb4 17. Rc1 Na6 18. Bd4 f6 19. g4 hxg4 20. Bxg4 Nc5 21. Qe2 Kf7 22. Bxc5 Bxg4 23. Qxg4 f5 24. Qe2 dxc5 25. Qe6+ Kf8 26. Qxg6 Rh6 27. Qxf5+ Rf6 28. Qg4 Rd8 29. Rcd1 Rdd6 30. c3 Rg6 31. Qe2 Rdf6 32. Qe5 Rd6 33. Qe4 Rdf6 34. Rhe1 Rg3 35. Nxc5 Kf7 36. Ne6 Qd6 37. Ng5+ Kg8 38. Qh7+ Kf8 39. Ne6+ Kf7 40. Qh5+ Kg8 41. Rg1 Rfg6 42. Qxg6 Rxg6 43. Rxg6 Kf7 44. Rxg7+ Kf6 45. Rg5 Qa6 46. Nd4 Qc4 47. Rf5+ Kg6 48. Rg1+ Kh6 49. Rgg5 1-0